[Event "Europe Echecs Blitz Sept op"]
[Site "Europe Echecs INT"]
[Date "2021.09.19"]
[Round "4"]
[White "Zanin, Sylvie"]
[Black "Csano, Joseph"]
[Result "0-1"]
[WhiteElo "1001"]
[BlackElo "1490"]
[PlyCount "130"]
[EventDate "2021.09.19"]
[EventType "swiss (blitz)"]
[EventRounds "11"]
[EventCountry "FRA"]
[SourceTitle "CBM 204 Extra"]
[Source "ChessBase"]
[SourceDate "2021.11.30"]
[SourceVersion "1"]
[SourceVersionDate "2021.11.30"]
[SourceQuality "1"]

1. e4 c5 2. Nf3 Nc6 3. Bc4 e6 4. d3 a6 5. a3 b5 6. Ba2 Bb7 7. Bf4 d6 8. c4 Nge7 9. cxb5 axb5 10. Nc3 b4 11. axb4 Nxb4 12. 0-0 Ng6 13. Bd2 Nxd3 14. Bc4 Nde5 15. Bb5+ Nc6 16. Bg5 Qc7 17. Re1 Be7 18. e5 d5 19. Bxe7 Ngxe7 20. Ng5 0-0 21. Qh5 h6 22. Nh3 Ng6 23. f4 Nd4 24. Rxa8 Rxa8 25. Ne2 Nxb5 26. Ng3 d4 27. f5 exf5 28. Qxf5 Qc6 29. Ne4 Qe6 30. Qxe6 fxe6 31. Nxc5 Bd5 32. Nd7 Rd8 33. Nb6 Nc7 34. Rc1 Na6 35. Nxd5 Rxd5 36. Rc8+ Kh7 37. Rc6 Nc5 38. b4 d3 39. bxc5 d2 40. Nf2 d1Q+ 41. Nxd1 Rxd1+ 42. Kf2 Rd5 43. Rxe6 Rxc5 44. Re8 Rxe5 45. Rxe5 Nxe5 46. Ke3 Kg6 47. h3 Kf5 48. g4+ Nxg4+ 49. hxg4+ Kxg4 50. Kf2 h5 51. Kg2 h4 52. Kh2 g5 53. Kg2 Kh5 54. Kh3 g4+ 55. Kh2 Kg5 56. Kg2 Kf4 57. Kh2 Ke3 58. Kg2 Ke2 59. Kg1 Kf3 60. Kh2 Kf2 61. Kh1 h3 62. Kh2 g3+ 63. Kxh3 g2 64. Kh2 g1Q+ 65. Kh3 Qg3# 0-1

[Event "Europe Echecs Blitz May op"]
[Site "Europe Echecs INT"]
[Date "2021.05.09"]
[Round "6"]
[White "Thobie, Pascal"]
[Black "Csano, Joseph"]
[Result "0-1"]
[WhiteElo "1216"]
[BlackElo "1490"]
[PlyCount "114"]
[EventDate "2021.05.09"]
[EventType "swiss (blitz)"]
[EventRounds "11"]
[EventCountry "FRA"]
[SourceTitle "CBM 202 Extra"]
[Source "ChessBase"]
[SourceDate "2021.07.31"]
[SourceVersion "1"]
[SourceVersionDate "2021.07.31"]
[SourceQuality "1"]

1. e4 c5 2. Nf3 Nc6 3. d4 cxd4 4. Nxd4 Nf6 5. Nc3 e5 6. Nxc6 bxc6 7. f3 Bb4 8. Bd2 0-0 9. Bc4 a5 10. a3 Be7 11. 0-0 Qb6+ 12. Kh1 Qxb2 13. Ra2 Qb8 14. Qe2 Rd8 15. Rb1 Qc7 16. a4 d5 17. exd5 cxd5 18. Bb3 Bb4 19. Nb5 Qe7 20. Bxb4 axb4 21. Re1 e4 22. fxe4 dxe4 23. Raa1 Ba6 24. Rad1 h6 25. h3 Rac8 26. Rxd8+ Qxd8 27. Rd1 Qb6 28. Rd6 Qb7 29. Qd1 Bxb5 30. axb5 Qxb5 31. Rd8+ Rxd8 32. Qxd8+ Kh7 33. Qd2 Qc5 34. Kh2 Qc3 35. Qe2 e3 36. g3 Ne4 37. Kg2 Nd2 38. g4 Nxb3 39. cxb3 Qxb3 40. Kf3 Qa3 41. Qxe3 Qxe3+ 42. Kxe3 Kg6 43. h4 Kf6 44. Kd3 Ke5 45. Kc4 Kf4 46. Kxb4 Kxg4 47. Kc3 Kxh4 48. Kd2 h5 49. Ke2 Kg4 50. Kf1 g5 51. Kg1 f5 52. Kg2 Kf4 53. Kf2 Ke4 54. Kg2 f4 55. Kf2 f3 56. Kg1 Ke3 57. Kf1 g4 0-1

[Event "C'Chartres Blitz op April"]
[Site "Europe Echecs INT"]
[Date "2021.04.10"]
[Round "3"]
[White "Csano, Joseph"]
[Black "Becue, Herve"]
[Result "0-1"]
[WhiteElo "1490"]
[BlackElo "1886"]
[PlyCount "40"]
[EventDate "2021.04.10"]
[EventType "swiss (blitz)"]
[EventRounds "11"]
[EventCountry "FRA"]
[SourceTitle "CBM 201 Extra"]
[Source "ChessBase"]
[SourceDate "2021.05.31"]
[SourceVersion "1"]
[SourceVersionDate "2021.05.31"]
[SourceQuality "1"]

1. d4 c6 2. c4 d5 3. Nc3 Nf6 4. f3 Bf5 5. Bg5 Nbd7 6. cxd5 Nxd5 7. e4 Nxc3 8. bxc3 Bg6 9. Qb3 Qb6 10. h4 h6 11. Be3 e6 12. h5 Bh7 13. Bc4 Qc7 14. Ne2 Be7 15. a4 b6 16. 0-0 c5 17. d5 exd5 18. exd5 0-0 19. Rad1 Bd6 20. Bd3 Bxd3 0-1

[Event "Cappelle Online Blitz op"]
[Site "Europe Echecs INT"]
[Date "2021.03.07"]
[Round "2"]
[White "Merstorf, Denis"]
[Black "Csano, Joseph"]
[Result "1-0"]
[WhiteElo "1927"]
[BlackElo "1490"]
[PlyCount "35"]
[EventDate "2021.03.07"]
[EventType "swiss (blitz)"]
[EventRounds "11"]
[EventCountry "FRA"]
[SourceTitle "CBM 201 Extra"]
[Source "ChessBase"]
[SourceDate "2021.05.31"]
[SourceVersion "1"]
[SourceVersionDate "2021.05.31"]
[SourceQuality "1"]

1. d4 Nf6 2. c4 e6 3. Nc3 d5 4. cxd5 exd5 5. Bg5 c6 6. Qc2 Be6 7. e3 Be7 8. Bd3 Nbd7 9. f4 Bg4 10. h3 Bh5 11. g4 Bg6 12. f5 Nxg4 13. hxg4 Bxg5 14. fxg6 h6 15. gxf7+ Kxf7 16. Bg6+ Ke7 17. Nf3 Kd6 18. Qh2+ 1-0

[Event "Cappelle Online Rapid op"]
[Site "Europe Echecs INT"]
[Date "2021.03.06"]
[Round "1"]
[White "Csano, Joseph"]
[Black "Joly, Julien"]
[Result "0-1"]
[WhiteElo "1490"]
[BlackElo "2198"]
[PlyCount "56"]
[EventDate "2021.03.06"]
[EventType "swiss (rapid)"]
[EventRounds "9"]
[EventCountry "FRA"]
[SourceTitle "CBM 201 Extra"]
[Source "ChessBase"]
[SourceDate "2021.05.31"]
[SourceVersion "1"]
[SourceVersionDate "2021.05.31"]
[SourceQuality "1"]

1. d4 Nf6 2. c4 e6 3. Nf3 d5 4. e3 Be7 5. Nc3 0-0 6. Ne5 Nbd7 7. cxd5 exd5 8. Be2 Nb6 9. Qc2 c6 10. Bd2 g6 11. g4 Nfd7 12. Nd3 Nc4 13. 0-0-0 b5 14. Nf4 a5 15. h4 Bxh4 16. Rh2 Bg5 17. Rdh1 Bxf4 18. Rxh7 Bd6 19. f4 Re8 20. g5 Kf8 21. Rh8+ Ke7 22. R8h7 Rg8 23. Nxb5 cxb5 24. e4 Nxd2 25. Qxd2 dxe4 26. Bxb5 Ba6 27. Bc6 Qc7 28. d5 Bxf4 0-1

[Event "Cappelle Online Blitz op 1st"]
[Site "Europe Echecs INT"]
[Date "2021.01.10"]
[Round "8"]
[White "Csano, Joseph"]
[Black "Maillard, Jules"]
[Result "1-0"]
[WhiteElo "1490"]
[BlackElo "1156"]
[PlyCount "121"]
[EventDate "2021.01.10"]
[EventType "swiss (blitz)"]
[EventRounds "11"]
[EventCountry "FRA"]
[SourceTitle "CBM 200 Extra"]
[Source "ChessBase"]
[SourceDate "2021.03.31"]
[SourceVersion "1"]
[SourceVersionDate "2021.03.31"]
[SourceQuality "1"]

1. d4 d5 2. c4 c6 3. Nc3 Nf6 4. f3 Bf5 5. Bg5 Nbd7 6. Qb3 Qb6 7. cxd5 Qxb3 8. axb3 cxd5 9. g4 Bg6 10. h4 h6 11. Bf4 e6 12. h5 Bh7 13. e3 Rc8 14. Rxa7 Bb4 15. Nge2 0-0 16. Rxb7 Bxc3+ 17. bxc3 Rb8 18. Bxb8 Rxb8 19. Rxb8+ Nxb8 20. Bg2 Nbd7 21. Kd2 Nb6 22. Ra1 Kf8 23. Ra6 Nbd7 24. c4 dxc4 25. bxc4 Ke7 26. c5 Ne8 27. Ra7 Kd8 28. c6 Nb8 29. Rxf7 Nxc6 30. f4 Ne7 31. Nc3 Ng8 32. Be4 Ngf6 33. Bxh7 Nxh7 34. Ra7 Nhf6 35. g5 Nxh5 36. gxh6 gxh6 37. Ne4 Nhg7 38. Nc5 h5 39. Ra1 Nf6 40. Rg1 Ng4 41. Kd3 Nf2+ 42. Ke2 Ng4 43. Rh1 Ke7 44. Kf3 Kf6 45. Ne4+ Kf5 46. Ng3+ Kg6 47. e4 e5 48. f5+ Kf6 49. dxe5+ Kxe5 50. Nxh5 Nxh5 51. Rxh5 Nf6 52. Rh6 Nxe4 53. Re6+ Kd4 54. Rxe4+ Kd5 55. f6 Kd6 56. f7 Kc5 57. f8Q+ Kb5 58. Qf5+ Kc6 59. Re6+ Kd7 60. Qf7+ Kc8 61. Re8# 1-0